Cuba libre / [por] Rius

Na minha lista:
Detalhes bibliográficos
Autor principal: Rius (autor)
Formato: Livro
Edição:2a ed.
Colecção:Campo abierto
Assuntos:
Tags: Adicionar Tag
Sem tags, seja o primeiro a adicionar uma tag!

MARC

LEADER 00000nam^a2200000^u^4500
001 000545956
005 20250521000000.0
008 060220s1000^^^^^^^^^^^^r^^^^^000^0^spa^d
009 20260310131400.438
035 |a FMI 000015430 
037 |a Acervo Xavier Clavigero 
096 |a 3.4/65/E 
100 |a Rius  |e (autor) 
245 1 0 |a Cuba libre / [por] Rius 
250 |a 2a ed. 
264 |a México : Posada, 1977 
300 |a 190 p. : il. 
336 |a texto  |b txt  |2 rdacontenido 
337 |a sin mediación  |b n  |2 rdamedio 
338 |a volumen  |b nc  |2 rdasoporte 
440 0 |a Campo abierto 
649 |a XX 
650 |a Historia Universal 
650 |a CUBA -- HISTORIA 
910 |a Fondo Francisco Migoya Covarrubias S.J. 
920 |a Impresos - Libros 
930 |a Fondos Especiales 
905 |a 134 
901 |a SBC23617  |b IT2  |c ESP  |u 20250521 
902 |a https://opac.biblio.iteso.mx/vufind/Record/000545956